000 00398 a2200121 4500
001 ART_11839
005 20260410161901.0
008 260409a
245 1 0 _aTaxation and the stock market valuation of capital gains and devidends
100 1 _aBradford, David F.
700 1 _aGordon, Roger H.
773 0 _tJournal of public economics
_g- Vol. 14, NÂș 2 (oct. 1980)
_wREV11485
999 _c25885
_d25885